| 000 | 00613nam a2200181 4500 | ||
|---|---|---|---|
| 001 | 140589 | ||
| 003 | ES-MaACL | ||
| 005 | 20230906200117.0 | ||
| 007 | t| | ||
| 008 | 070214s1963 sp r ||||1| spa d | ||
| 100 | 1 |
_aSebastián López, Santiago. _9105017 |
|
| 245 | 1 | 4 |
_aLos monumentos de la ciudad de Teruel / _cSantiago Sebastián López. |
| 260 |
_aTeruel : _b[s.n.], _c1963 ( _fGráf. `La Editorial`) |
||
| 300 |
_a142 p., 57 lám. ; _c24 cm. |
||
| 500 | _aPrecede al tít.: Instituto de Estudios Turolenses. | ||
| 710 | 2 |
_aInstituto de Estudios Turolenses. _94937 |
|
| 852 |
_aES-MaACL _jC-24782 _bR.53309 |
||
| 999 |
_c140589 _d140589 |
||